Connect Country Singers With Their Hits - Statistics

General Stats
  • This quiz has been taken 17 times
  • The average score is 12 of 26
Answer Stats
Hint Answer % Correct
9 to 5 Dolly Parton
85%
Friends in Low Places Garth Brooks
77%
Forever and Ever, Amen Randy Travis
77%
Song Of The South Alabama
69%
On The Road Again Willie Nelson
69%
As Good As I Once Was Toby Keith
62%
Jesus, Take The Wheel Carrie Underwood
54%
Heart Like A Truck Lainey Wilson
54%
Mammas Don't Let Your Babies Grow Up to Be Cowboys Waylon Jennings and Willie Nelson
54%
Remember When Alan Jackson
46%
Amarillo By Morning George Strait
46%
Rain Is A Good Thing Luke Bryan
46%
Fishin' In The Dark Nitty Gritty Dirt Band
46%
Humble And Kind Tim McGraw
46%
Nobody But You Blake Shelton and Gwen Stefani
38%
Find Yourself Brad Paisley
38%
Strawberry Wine Deana Carter
38%
I Wish Grandpas Never Died Riley Green
38%
Die A Happy Man Thomas Rhett
38%
the hell you are Ashley Cooke
31%
vanilla Avery Anna
31%
Joy Of My Life Chris Stapleton
31%
The Greatest Kenny Rogers
31%
Yours Post Malone
23%
No. 7 Road The Castellows
23%
A Good Day Billy Ray Cyrus
15%
No matching quizzes found
Score Distribution
Percent of People with Each Score
Percentile by Number Answered
Your Score History
You have not taken this quiz